| 000 -LEADER |
| fixed length control field |
00323nam a22001217a 4500 |
| 008 - FIXED-LENGTH DATA ELEMENTS--GENERAL INFORMATION |
| fixed length control field |
250307b ||||| |||| 00| 0 eng d |
| 020 ## - INTERNATIONAL STANDARD BOOK NUMBER |
| International Standard Book Number |
9781405495356 |
| 082 ## - DEWEY DECIMAL CLASSIFICATION NUMBER |
| Classification number |
E FIC SHO |
| 100 ## - MAIN ENTRY--PERSONAL NAME |
| Personal name |
SHOSHAN,BETH |
| Relator term |
AUTHOR |
| 245 ## - TITLE STATEMENT |
| Title |
CUDDLE |
| 260 ## - PUBLICATION, DISTRIBUTION, ETC. |
| Place of publication, distribution, etc. |
QUEEN STREET HOUSE,4 QUEEN SREET,BATH BA1 1HE,UK |
| Name of publisher, distributor, etc. |
PARRAGON |
| Date of publication, distribution, etc. |
2007 |
| 942 ## - ADDED ENTRY ELEMENTS (KOHA) |
| Source of classification or shelving scheme |
|